[Event "41st Olympiad Women 2014"]
[Site "Tromso NOR"]
[Date "2014.08.06"]
[Round "5.35"]
[Board "1"]
[White "Colombo, Camila"]
[Black "Steil-Antoni, Fiona"]
[Result "1/2-1/2"]
[WhiteTitle "WIM"]
[BlackTitle "WIM"]
[WhiteElo "2107"]
[BlackElo "2112"]
[WhiteTeam "Uruguay"]
[BlackTeam "Luxembourg"]
[WhiteFideId "3001822"]
[BlackFideId "4001249"]
[EventDate "2014.08.02"]

1. d4 Nf6 2. c4 e6 3. Nf3 Bb4+ 4. Bd2 Qe7 5. g3 Nc6 6. Bg2 Bxd2+ 7. Nbxd2 d6 8.
O-O a5 9. e4 e5 10. d5 Nb8 11. Ne1 h5 12. h3 h4 13. g4 O-O 14. Nd3 Na6 15. f4
exf4 16. Rxf4 Nd7 17. Qe2 Ne5 18. Raf1 Nxd3 19. Qxd3 Nc5 20. Qf3 g5 21. Rf6 Nd7
22. e5 dxe5 23. Ne4 Nxf6 24. Nxf6+ Kg7 25. Qe3 Kh6 26. c5 Ra6 27. d6 Qd8 28. Qe4
Rh8 29. Nd5 f5 30. gxf5 cxd6 31. f6 dxc5 32. Kh1 Rf8 33. Qxe5 Qd6 34. Qe7 Qxe7
35. fxe7 Rxf1+ 36. Bxf1 Re6 37. Bb5 Rxe7 38. Nxe7 Bxh3 39. Bd3 Be6 40. Nf5+ Bxf5
41. Bxf5 Kh5 42. a4 g4 43. Kh2 Kg5 44. Bc8 b6 45. Bd7 1/2-1/2

[Event "41st Olympiad Women 2014"]
[Site "Tromso NOR"]
[Date "2014.08.06"]
[Round "5.35"]
[Board "2"]
[White "Biryukov, Alice"]
[Black "de Leon, Patricia"]
[Result "1/2-1/2"]
[BlackTitle "WFM"]
[WhiteElo "1941"]
[BlackElo "1921"]
[WhiteTeam "Luxembourg"]
[BlackTeam "Uruguay"]
[WhiteFideId "4002440"]
[BlackFideId "3000273"]
[EventDate "2014.08.02"]

1. e4 e6 2. d4 d5 3. Nc3 Bb4 4. e5 b6 5. Qg4 Bf8 6. h4 h5 7. Qg3 Qd7 8. Bd3 Ba6
9. Nge2 Ne7 10. Bg5 Bxd3 11. Qxd3 Nbc6 12. O-O-O Nf5 13. f3 Be7 14. Qd2 Bxg5 15.
Qxg5 Qe7 16. Qf4 O-O-O 17. Kb1 Qb4 18. g4 hxg4 19. fxg4 Nh6 20. Ng3 Ne7 21. Qf3
Rdf8 22. g5 Nhf5 23. Nxf5 Nxf5 24. Nxd5 exd5 25. Qxf5+ Kb8 26. Qd7 Qa5 27. Rdf1
Qd2 28. Qxd5 Rd8 29. Qxf7 Qxd4 30. Qf4 Qd5 31. b3 Rde8 32. Re1 Rhf8 33. Qe4 Qe6
34. Rhf1 Rh8 35. Rf4 Rh5 36. Rg4 Rhh8 37. Rf4 Rh5 38. Rg4 Rhh8 39. Rgg1 Rh5 40.
Rg4 1/2-1/2

[Event "41st Olympiad Women 2014"]
[Site "Tromso NOR"]
[Date "2014.08.06"]
[Round "5.35"]
[Board "3"]
[White "Larrea, Daniela"]
[Black "Kremer, Nadine"]
[Result "0-1"]
[WhiteElo "1709"]
[BlackElo "1844"]
[WhiteTeam "Uruguay"]
[BlackTeam "Luxembourg"]
[WhiteFideId "3003000"]
[BlackFideId "4002970"]
[EventDate "2014.08.02"]

1. d4 Nf6 2. c4 c5 3. d5 b5 4. cxb5 a6 5. b6 a5 6. Nc3 Qxb6 7. e4 d6 8. Nf3 Ba6
9. Be2 g6 10. O-O Bg7 11. Nd2 O-O 12. a4 Bxe2 13. Qxe2 Ne8 14. Nb5 Na6 15. Nc4
Qd8 16. Bd2 Nb4 17. Bc3 Nc7 18. Nxc7 Qxc7 19. Na3 e6 20. Nb5 Qd7 21. Rad1 exd5
22. exd5 Rfe8 23. Qd2 Re4 24. Rfe1 Rae8 25. Bxg7 Kxg7 26. Qc3+ f6 27. f3 R4e5
28. Rxe5 Rxe5 29. Qc4 Qe7 30. Nc3 Nc2 31. Qd3 Nd4 32. Kf2 f5 33. f4 Qh4+ 34. Qg3
Qxg3+ 35. hxg3 Re7 36. Rd2 Rb7 37. Ke3 Kf6 38. Kf2 Rb4 39. Ke3 Nb3 40. Rd3 Nd4
41. Rd2 h6 42. Kf2 g5 43. Ke3 Kg6 44. Kf2 Kh5 45. fxg5 Kxg5 46. Ne2 Nxe2 47.
Rxe2 Rd4 48. Re8 Rxd5 49. Ke3 Re5+ 0-1

[Event "41st Olympiad Women 2014"]
[Site "Tromso NOR"]
[Date "2014.08.06"]
[Round "5.35"]
[Board "4"]
[White "Bakalarz, Grazyna"]
[Black "de San Vicente, Sabrina"]
[Result "1-0"]
[WhiteTitle "WFM"]
[WhiteElo "1972"]
[BlackElo "1687"]
[WhiteTeam "Luxembourg"]
[BlackTeam "Uruguay"]
[WhiteFideId "4000730"]
[BlackFideId "3003973"]
[EventDate "2014.08.02"]

1. d4 f5 2. c4 e6 3. Nf3 Nf6 4. Nc3 Be7 5. Bf4 c6 6. e3 O-O 7. Bd3 d5 8. Ne5 Ne4
9. h3 Nd7 10. O-O Nxe5 11. Bxe5 Bf6 12. Bxf6 Rxf6 13. Bxe4 fxe4 14. Qb3 Kh8 15.
a4 a5 16. Ne2 b6 17. Qc2 Ba6 18. b3 Rh6 19. Ng3 Rg6 20. Rfc1 Qg5 21. Qd1 Bb7 22.
c5 Rf8 23. Ra2 e5 24. dxe5 Qxe5 25. Qd4 Qg5 26. Qd1 Rgf6 27. Qh5 Qxh5 28. Nxh5
Rh6 29. Ng3 bxc5 30. Rxc5 Ra8 31. Nf5 Rf6 32. Nd4 h5 33. Rac2 Ra6 34. R2c3 Kg8
35. Rc2 Kf7 36. Rb2 Ke7 37. b4 Kd6 38. Rxa5 Rxa5 39. bxa5 c5 40. Rxb7 cxd4 41.
exd4 Kc6 42. Rxg7 Rf8 43. Rg6+ Kc7 44. a6 Rd8 45. a5 Kb8 46. Kf1 Ka8 47. Ke2 Rb8
48. Rb6 Rg8 49. g3 Rf8 50. Rd6 Rf5 51. h4 Ka7 52. Rh6 Ka8 53. Rh7 Kb8 54. Rg7
Rf6 55. Rg5 Rd6 56. Rxh5 Ka7 57. Rh8 Kxa6 58. Ra8+ Kb7 59. Rf8 Ka6 60. h5 Kxa5
61. g4 Kb4 62. g5 Kc4 63. h6 Ra6 64. h7 Ra2+ 65. Kf1 Kxd4 66. h8=Q+ Kd3 67. Rd8
Kc4 68. Rc8+ 1-0

[Event "41st Olympiad Women 2014"]
[Site "Tromso NOR"]
[Date "2014.08.06"]
[Round "5.36"]
[Board "1"]
[White "Gamboa Alvarado, Olga Leticia"]
[Black "Milovic, Aleksandra"]
[Result "1/2-1/2"]
[WhiteTitle "WFM"]
[BlackTitle "WFM"]
[WhiteElo "1899"]
[BlackElo "2170"]
[WhiteTeam "Costa Rica"]
[BlackTeam "Montenegro"]
[WhiteFideId "6502270"]
[BlackFideId "933988"]
[EventDate "2014.08.02"]

1. d4 d5 2. c4 e6 3. cxd5 exd5 4. Nc3 Nf6 5. Bg5 c6 6. Nf3 Be7 7. Qc2 Nbd7 8. e3
O-O 9. Bd3 Re8 10. h3 Nf8 11. O-O Bd6 12. e4 dxe4 13. Nxe4 Be7 14. Rfe1 Be6 15.
Nc5 Bd5 16. Nxb7 Qd7 17. Nc5 Bxc5 18. Ne5 Qc7 19. Qxc5 Ne6 20. Qc1 Nh5 21. Be3
f6 22. Nf3 Nef4 23. Bc4 Kh8 24. Bxf4 Nxf4 25. Bxd5 Nxd5 26. Rxe8+ Rxe8 27. Qc5
Qb6 28. Qxb6 axb6 29. Rc1 Re6 30. Kf1 Kg8 31. a4 Kf7 32. Ne1 Ke7 33. Nd3 Kd6 34.
Re1 Nc7 35. Re2 g5 36. Nb4 f5 37. Rc2 Kd7 38. Nd3 1/2-1/2

[Event "41st Olympiad Women 2014"]
[Site "Tromso NOR"]
[Date "2014.08.06"]
[Round "5.36"]
[Board "2"]
[White "Blagojevic, Tijana"]
[Black "Rodriguez Arrieta, Maria Elena"]
[Result "1-0"]
[BlackTitle "WFM"]
[WhiteElo "2095"]
[BlackElo "1920"]
[WhiteTeam "Montenegro"]
[BlackTeam "Costa Rica"]
[WhiteFideId "16500270"]
[BlackFideId "6502911"]
[EventDate "2014.08.02"]

1. e4 e5 2. Nf3 Nc6 3. Nc3 Nf6 4. d4 Bb4 5. Nxe5 Qe7 6. Qd3 Nxd4 7. Qxd4 Bc5 8.
Qd3 Qxe5 9. Be3 Bxe3 10. Qxe3 d6 11. Qg3 Qxg3 12. hxg3 Bd7 13. f3 O-O-O 14. g4
h6 15. O-O-O Rhe8 16. Ne2 Re5 17. Nf4 Bc6 18. c4 a5 19. b3 Rde8 20. Bd3 b5 21.
cxb5 Bxb5 22. Nd5 Nxd5 23. Bxb5 Nc3 24. Bxe8 Nxd1 25. Bxf7 Nc3 26. Kb2 Ne2 27.
Bc4 Nf4 28. g3 Ng6 29. Rh5 Kb7 30. Kc3 Kb6 31. Kd4 c5+ 32. Ke3 Kc6 33. f4 Re7
34. g5 hxg5 35. Rxg5 Nf8 36. a4 Nh7 37. Bd5+ Kc7 38. Rg6 Nf6 39. Kd3 Kb6 40. g4
Kc7 41. g5 Nh5 42. Ke3 Ng3 43. Re6 Kd7 44. Rxe7+ Kxe7 45. Kf2 Nh5 46. Kf3 g6 47.
f5 Kd7 48. Bf7 1-0

[Event "41st Olympiad Women 2014"]
[Site "Tromso NOR"]
[Date "2014.08.06"]
[Round "5.36"]
[Board "3"]
[White "Ramirez Gonzalez, Maria Jose"]
[Black "Stojanovic, Marija R"]
[Result "0-1"]
[BlackTitle "WFM"]
[WhiteElo "1764"]
[BlackElo "2100"]
[WhiteTeam "Costa Rica"]
[BlackTeam "Montenegro"]
[WhiteFideId "6503349"]
[BlackFideId "931411"]
[EventDate "2014.08.02"]

1. d4 Nf6 2. Nf3 g6 3. Bf4 Bg7 4. h3 d6 5. e3 O-O 6. Be2 c5 7. c3 Be6 8. O-O Qb6
9. Qc2 Rc8 10. Bh2 Nc6 11. Rd1 cxd4 12. exd4 Bf5 13. Qb3 Qxb3 14. axb3 Bc2 15.
Rc1 Bxb3 16. c4 d5 17. c5 a5 18. Nbd2 a4 19. Bb5 Ne4 20. Nxb3 axb3 21. Bxc6 bxc6
22. Bf4 Ra2 23. Rxa2 bxa2 24. Ra1 Ra8 25. Kf1 Nxc5 0-1

[Event "41st Olympiad Women 2014"]
[Site "Tromso NOR"]
[Date "2014.08.06"]
[Round "5.36"]
[Board "4"]
[White "Bacic, Kristina"]
[Black "Fallas Marin, Betzy"]
[Result "1-0"]
[WhiteElo "1801"]
[BlackElo "1715"]
[WhiteTeam "Montenegro"]
[BlackTeam "Costa Rica"]
[WhiteFideId "16500245"]
[BlackFideId "6500986"]
[EventDate "2014.08.02"]

1. d4 Nf6 2. c4 c5 3. d5 b5 4. cxb5 a6 5. b6 Qxb6 6. g3 d6 7. Bg2 g6 8. Nf3 Bg7
9. O-O O-O 10. Nc3 Nbd7 11. Nd2 Ng4 12. h3 Ngf6 13. Kh2 Bb7 14. e4 Ne5 15. f4
Nd3 16. Nc4 Nxb2 17. Nxb6 Nxd1 18. Rxd1 Nxe4 19. Bxe4 Bxc3 20. Rb1 Ra7 21. Bb2
Bxb2 22. Rxb2 a5 23. Bd3 Rb8 24. Nc4 Rc8 25. Nb6 Rb8 26. Rdb1 Bc8 27. Nxc8 Rxc8
28. Bc4 a4 29. a3 Kg7 30. Rb7 Rc7 31. Rxc7 Rxc7 32. Rb6 Kf6 33. g4 h5 34. Kg3
hxg4 35. hxg4 g5 36. Bb5 gxf4+ 37. Kxf4 e5+ 38. Ke4 Ke7 39. Bc6 Kf6 40. Rb8 c4
41. Rb4 c3 42. Rxa4 c2 43. Rc4 Ra7 44. a4 Kg5 45. Rxc2 Kxg4 46. Rg2+ Kh5 47. Rg8
Ra5 48. Rd8 Kg5 49. Rxd6 f6 50. Rd8 1-0

[Event "41st Olympiad Women 2014"]
[Site "Tromso NOR"]
[Date "2014.08.06"]
[Round "5.37"]
[Board "1"]
[White "Matoussi, Amina"]
[Black "Samaganova, Alexandra"]
[Result "0-1"]
[WhiteTitle "WFM"]
[WhiteElo "1747"]
[BlackElo "2012"]
[WhiteTeam "Tunisia"]
[BlackTeam "Kyrgyzstan"]
[WhiteFideId "5501164"]
[BlackFideId "13800221"]
[EventDate "2014.08.02"]

1. Nf3 c5 2. g3 Nc6 3. Bg2 g6 4. c4 Bg7 5. Nc3 a6 6. O-O Rb8 7. d3 b5 8. Bf4 e5
9. Be3 d6 10. Ng5 Nge7 11. Qd2 h6 12. Nh3 Be6 13. cxb5 axb5 14. f4 Qd7 15. Nf2
b4 16. Ncd1 Nf5 17. fxe5 Nxe5 18. h3 Nxg3 19. Re1 Nf5 20. Bf4 Nh4 21. Ne3 Nxg2
22. Kxg2 g5 23. Bg3 f5 24. Bh2 f4 25. Nc2 Bxh3+ 0-1

[Event "41st Olympiad Women 2014"]
[Site "Tromso NOR"]
[Date "2014.08.06"]
[Round "5.37"]
[Board "2"]
[White "Ostry, Irina"]
[Black "Matoussi, Amani"]
[Result "1-0"]
[WhiteTitle "WIM"]
[WhiteElo "2177"]
[BlackElo "1627"]
[WhiteTeam "Kyrgyzstan"]
[BlackTeam "Tunisia"]
[WhiteFideId "13800060"]
[BlackFideId "5501156"]
[EventDate "2014.08.02"]

1. e4 c5 2. Nf3 Nc6 3. Be2 g6 4. c4 Bg7 5. Nc3 e5 6. d3 Nge7 7. O-O O-O 8. Nd5
h6 9. a3 d6 10. Rb1 f5 11. b4 Nxd5 12. cxd5 Nd4 13. bxc5 dxc5 14. Nxd4 exd4 15.
f4 fxe4 16. dxe4 a6 17. a4 Rb8 18. Ba3 Qa5 19. Qc2 b6 20. Bxc5 Bd7 21. Bxf8 Bxa4
22. Qd3 1-0

[Event "41st Olympiad Women 2014"]
[Site "Tromso NOR"]
[Date "2014.08.06"]
[Round "5.37"]
[Board "3"]
[White "Marzouk, Amira"]
[Black "Alymbay, Kyzy Aizhan"]
[Result "0-1"]
[WhiteTitle "WCM"]
[WhiteElo "1669"]
[BlackElo "1859"]
[WhiteTeam "Tunisia"]
[BlackTeam "Kyrgyzstan"]
[WhiteFideId "5501148"]
[BlackFideId "13800043"]
[EventDate "2014.08.02"]

1. e4 c6 2. d3 d5 3. Nd2 e5 4. g3 Nf6 5. Bg2 Bd6 6. Ngf3 O-O 7. O-O Bg4 8. h3
Be6 9. Re1 Qc7 10. Nf1 h6 11. g4 dxe4 12. dxe4 Rd8 13. Qe2 b5 14. b3 Bb4 15. Bd2
Bxd2 16. N1xd2 Nh7 17. Rad1 Nd7 18. Qe3 Ndf6 19. Nf1 Nf8 20. Ng3 Ng6 21. g5 hxg5
22. Nxg5 Bc8 23. Nf5 Nf4 24. Rxd8+ Qxd8 25. Qc5 Bxf5 26. exf5 Nd7 27. Qxc6 Rc8
28. Qb7 Rb8 29. Qxa7 Qxg5 0-1

[Event "41st Olympiad Women 2014"]
[Site "Tromso NOR"]
[Date "2014.08.06"]
[Round "5.37"]
[Board "4"]
[White "Shyngys Kyzy, Aijarkyn"]
[Black "Krifa, Najla"]
[Result "1-0"]
[BlackTitle "WFM"]
[WhiteElo "1800"]
[BlackElo "1759"]
[WhiteTeam "Kyrgyzstan"]
[BlackTeam "Tunisia"]
[WhiteFideId "13800531"]
[BlackFideId "5501040"]
[EventDate "2014.08.02"]

1. e4 c5 2. Nf3 d6 3. Bb5+ Bd7 4. Bxd7+ Qxd7 5. O-O g6 6. d4 cxd4 7. Nxd4 Bg7 8.
Nc3 Nc6 9. Nxc6 bxc6 10. Be3 Nf6 11. h3 O-O 12. Qd2 Qb7 13. b3 Rfd8 14. Rad1
Rac8 15. Rfe1 Nd7 16. Bd4 Nf6 17. a4 Qc7 18. Qe3 Ra8 19. Qf3 Rd7 20. Nb5 Qb7 21.
Bxf6 Bxf6 22. Nxd6 exd6 23. Qxf6 Rad8 24. h4 Qb6 25. h5 Qc5 26. h6 Qe5 27. Rxd6
Qxf6 28. Rxf6 Rc7 29. e5 Re8 30. f4 c5 31. Rd1 1-0

[Event "41st Olympiad Women 2014"]
[Site "Tromso NOR"]
[Date "2014.08.06"]
[Round "5.38"]
[Board "1"]
[White "Nasriddinzoda, Marvorii"]
[Black "Abarca Gonzalez, Damaris"]
[Result "1-0"]
[BlackTitle "WFM"]
[WhiteElo "2021"]
[BlackElo "2049"]
[WhiteTeam "Tajikistan"]
[BlackTeam "Chile"]
[WhiteFideId "14700395"]
[BlackFideId "3409414"]
[EventDate "2014.08.02"]

1. Nf3 c5 2. g3 g6 3. Bg2 Bg7 4. O-O Nc6 5. d3 d5 6. Nbd2 e6 7. e4 Nge7 8. Kh1
b6 9. Qe2 a5 10. Re1 dxe4 11. Nxe4 h6 12. a4 O-O 13. Bd2 Ra7 14. Nc3 Nf5 15. Nb5
Ncd4 16. Nfxd4 Nxd4 17. Nxd4 cxd4 18. Bf4 Re8 19. Be5 f6 20. Bf4 Kf7 21. Kg1 Bf8
22. c4 dxc3 23. bxc3 e5 24. Be3 Re6 25. Rab1 Bb7 26. Bxb7 Rxb7 27. Rb5 Rd7 28.
Qa2 Rd6 29. d4 exd4 30. Bxd4 Rd5 31. Rxe6 Kxe6 32. Rxb6+ Bd6 33. Rb5 Be5 34. Bb6
Qd7 35. Bxa5 h5 36. Bb4 h4 37. gxh4 Bc7 38. Kg2 f5 39. h3 Ke5 40. Rxd5+ Qxd5+
41. Qxd5+ Kxd5 42. Kf3 Ke5 43. a5 Kd5 44. Ke3 Bd8 45. h5 gxh5 46. Kf4 Ke6 47. c4
Bc7+ 48. Kg5 Ke5 49. a6 Bb8 50. Bc5 1-0

[Event "41st Olympiad Women 2014"]
[Site "Tromso NOR"]
[Date "2014.08.06"]
[Round "5.38"]
[Board "2"]
[White "Jorquera Cabello, Valentina"]
[Black "Antonova, Nadezhda"]
[Result "1/2-1/2"]
[WhiteTitle "WIM"]
[BlackTitle "WFM"]
[WhiteElo "1999"]
[BlackElo "2004"]
[WhiteTeam "Chile"]
[BlackTeam "Tajikistan"]
[WhiteFideId "3405494"]
[BlackFideId "14700182"]
[EventDate "2014.08.02"]

1. e4 c5 2. Nf3 e6 3. d4 cxd4 4. Nxd4 Nf6 5. Nc3 d6 6. Be2 Be7 7. O-O O-O 8. f4
Nc6 9. Be3 Bd7 10. Kh1 a6 11. Qe1 Nxd4 12. Bxd4 Bc6 13. Qg3 g6 14. Bf3 Qc7 15.
Rae1 Rfd8 16. a4 b5 17. axb5 axb5 18. e5 dxe5 19. Bxe5 Qb7 20. Qh3 Rac8 21. Bxc6
Qxc6 22. Qh6 Bf8 23. Qh4 Rd2 24. Rg1 Nd7 25. Ne4 Rd5 26. Nf6+ Nxf6 27. Qxf6 Rxe5
28. Qxe5 Bg7 29. Qe2 Bxb2 30. c4 Bc3 31. cxb5 Qd6 32. Rc1 Qxf4 33. Rc2 Rc5 34.
g3 Qc7 35. Qf3 Bd4 36. Rxc5 Qxc5 37. Rf1 f5 38. Qc6 Qe5 39. Rd1 Bc5 40. Qf3 g5
41. b6 Bxb6 42. h3 Bc5 43. Rd8+ Bf8 44. Rd3 Bc5 45. Rd8+ Kg7 46. Kg2 Qb2+ 47.
Kf1 Qb1+ 48. Ke2 Qa2+ 49. Rd2 Qc4+ 50. Kd1 Kg6 51. g4 Qa4+ 52. Ke2 Bb4 53. Rd3
Qc2+ 54. Kf1 Qc1+ 55. Kg2 Qc2+ 56. Kf1 Qc4 57. Kg2 Qc2+ 58. Kf1 Qc1+ 59. Kg2
Qc2+ 1/2-1/2

[Event "41st Olympiad Women 2014"]
[Site "Tromso NOR"]
[Date "2014.08.06"]
[Round "5.38"]
[Board "3"]
[White "Ilhom, Mootribai"]
[Black "Reyes Jara, Paula"]
[Result "1-0"]
[BlackTitle "WFM"]
[WhiteElo "1698"]
[BlackElo "2041"]
[WhiteTeam "Tajikistan"]
[BlackTeam "Chile"]
[WhiteFideId "14700204"]
[BlackFideId "3403920"]
[EventDate "2014.08.02"]

1. e4 e5 2. Nf3 Nc6 3. Bb5 a6 4. Ba4 Nf6 5. O-O Be7 6. Re1 b5 7. Bb3 d6 8. c3
O-O 9. h3 Na5 10. Bc2 c5 11. d4 Qc7 12. d5 Ne8 13. g4 g6 14. Kh2 Ng7 15. Rg1 Nb7
16. b3 c4 17. b4 a5 18. a4 axb4 19. cxb4 bxa4 20. Rxa4 Bd7 21. Rxa8 Rxa8 22. Be3
Ra2 23. Qc1 c3 24. Ne1 Bh4 25. Nd3 Qc4 26. Qd1 Qc8 27. Rg2 Bb5 28. f3 Ra1 29.
Bb3 Nd8 30. Qc2 Qa6 31. Nc1 Bf1 32. Rg1 Rxb1 33. Qxb1 Be2 34. Qa2 Qxa2 35. Nxa2
Bxf3 36. Nxc3 h5 37. b5 hxg4 38. hxg4 Ne8 39. Kh3 Be7 40. Rf1 Bxg4+ 41. Kxg4
Nf6+ 42. Kh3 Nh5 43. b6 g5 44. Ba4 Nf4+ 45. Bxf4 exf4 46. Bc6 Bf6 47. Nb5 Be5
48. b7 Nxb7 49. Bxb7 Kg7 50. Kg4 Kf6 51. Rc1 f3 52. Kxf3 Bf4 53. Rc7 Bh2 54. Rd7
Ke5 55. Rxf7 g4+ 56. Ke3 Bg1+ 57. Kd3 g3 58. Rf5# 1-0

[Event "41st Olympiad Women 2014"]
[Site "Tromso NOR"]
[Date "2014.08.06"]
[Round "5.38"]
[Board "4"]
[White "Fuentes Inzunza, Lesly"]
[Black "Odinaeva, Saodat"]
[Result "1-0"]
[WhiteElo "1895"]
[BlackElo "1785"]
[WhiteTeam "Chile"]
[BlackTeam "Tajikistan"]
[WhiteFideId "3408205"]
[BlackFideId "14700255"]
[EventDate "2014.08.02"]

1. d4 d5 2. c4 e6 3. Nc3 Nf6 4. Bg5 Be7 5. Nf3 O-O 6. e3 Nbd7 7. Bd3 c5 8. cxd5
exd5 9. O-O h6 10. Bh4 b6 11. Bf5 Bb7 12. Ne5 a6 13. f4 g6 14. Bxd7 Nxd7 15.
Bxe7 Qxe7 16. Qg4 Nf6 17. Qh4 Kg7 18. Ng4 h5 19. Qxf6+ Qxf6 20. Nxf6 Kxf6 21.
dxc5 bxc5 22. Rad1 Rfd8 23. Rd2 Bc6 24. Rfd1 Ke6 25. b3 Rd7 26. Kf2 Rad8 27. Ne2
Bb5 28. Rc1 Bxe2 29. Kxe2 Rc8 30. Rdc2 Rdc7 31. Kd3 Kf5 32. a3 a5 33. b4 axb4
34. axb4 c4+ 35. Kd2 Ke4 36. g3 Rb8 37. Rb1 Rcb7 38. Rcb2 Rc7 39. Rc2 Rcb7 40.
Rcb2 d4 41. exd4 Kxd4 42. Kc2 Rb5 43. Rd1+ Ke4 44. Kc3 R5b7 45. Rd4+ Kf5 46.
Rxc4 Re7 47. Rc5+ Kf6 48. b5 Re3+ 49. Kb4 Re6 50. Rbc2 Re4+ 51. R5c4 Re1 52.
Rc6+ Ke7 53. Kc5 Rb1 54. b6 Kd8 55. Rd2+ Ke8 56. Rd4 Rb2 57. Rb4 Rc2+ 58. Kb5
Rd2 59. Rc7 Rd5+ 60. Kc6 Rd2 61. Rb5 Kd8 62. Rc5 f5 63. b7 Rd1 64. Rg7 Re1 65.
Rg8+ Re8 66. Rd5+ Ke7 67. Re5+ 1-0

[Event "41st Olympiad Women 2014"]
[Site "Tromso NOR"]
[Date "2014.08.06"]
[Round "5.39"]
[Board "1"]
[White "Meghara, Lylia"]
[Black "Houska, Jovanka"]
[Result "0-1"]
[WhiteTitle "WFM"]
[BlackTitle "IM"]
[WhiteElo "1811"]
[BlackElo "2401"]
[WhiteTeam "Algeria"]
[BlackTeam "England"]
[WhiteFideId "7902867"]
[BlackFideId "405094"]
[EventDate "2014.08.02"]

1. e4 c6 2. d4 d5 3. Nc3 dxe4 4. Nxe4 Bf5 5. Ng3 Bg6 6. h4 h6 7. Nf3 Nf6 8. h5
Bh7 9. Bd3 Bxd3 10. Qxd3 e6 11. Bf4 Qa5+ 12. Bd2 Bb4 13. c3 Be7 14. Ne5 Nbd7 15.
Nxd7 Nxd7 16. Ne4 O-O 17. c4 Bb4 18. Nc3 e5 19. Kf1 exd4 20. Qxd4 Rad8 21. Qh4
Ne5 22. Be3 Bxc3 23. bxc3 Qxc3 24. Rc1 Qd3+ 25. Kg1 f5 26. Rf1 Ng4 27. Rh3 Rfe8
28. Bb6 Qxf1+ 0-1

[Event "41st Olympiad Women 2014"]
[Site "Tromso NOR"]
[Date "2014.08.06"]
[Round "5.39"]
[Board "2"]
[White "Chevannes, Sabrina L"]
[Black "Mezioud, Amina"]
[Result "1/2-1/2"]
[WhiteTitle "WIM"]
[BlackTitle "WIM"]
[WhiteElo "2171"]
[BlackElo "2052"]
[WhiteTeam "England"]
[BlackTeam "Algeria"]
[WhiteFideId "411280"]
[BlackFideId "7900970"]
[EventDate "2014.08.02"]

1. d4 d6 2. Nf3 g6 3. e4 Bg7 4. Be3 Nf6 5. Nc3 c6 6. h3 Qa5 7. Bd3 e5 8. O-O O-O
9. Qd2 Nbd7 10. a3 a6 11. dxe5 dxe5 12. b4 Qc7 13. Na4 b5 14. Nc5 Nxc5 15. Bxc5
Rd8 16. Qg5 Re8 17. Nd2 Nd7 18. Nb3 Nxc5 19. Nxc5 Bf8 20. Qe3 Qa7 21. Rae1 Bxc5
22. bxc5 Be6 23. f4 exf4 24. Rxf4 Qe7 25. h4 a5 26. e5 Rad8 27. h5 Rd5 28. hxg6
fxg6 29. Qg3 Qxc5+ 30. Kh1 Rd7 31. Rf6 Rg7 32. Ref1 Bf5 33. Bxf5 gxf5 34. Qb3+
Qd5 35. R1xf5 Qxb3 36. cxb3 Rge7 37. Rxc6 Rxe5 38. Rxe5 Rxe5 39. Rb6 Kg7 40. Kg1
Rf5 41. Ra6 b4 42. axb4 axb4 43. Rb6 Rf4 44. g3 Rd4 45. Kf2 1/2-1/2

[Event "41st Olympiad Women 2014"]
[Site "Tromso NOR"]
[Date "2014.08.06"]
[Round "5.39"]
[Board "3"]
[White "Latreche, Sabrina"]
[Black "Kalaiyalahan, Akshaya"]
[Result "1/2-1/2"]
[WhiteTitle "WIM"]
[WhiteElo "1972"]
[BlackElo "2016"]
[WhiteTeam "Algeria"]
[BlackTeam "England"]
[WhiteFideId "7901798"]
[BlackFideId "422894"]
[EventDate "2014.08.02"]

1. e4 c5 2. Nf3 Nc6 3. d4 cxd4 4. Nxd4 g6 5. Nc3 Bg7 6. Be3 Nf6 7. Nxc6 bxc6 8.
e5 Ng8 9. f4 Nh6 10. Qf3 Qa5 11. O-O-O O-O 12. Rd4 f6 13. Ra4 Qd8 14. Bxa7 fxe5
15. Bb6 Qxb6 16. Rxa8 exf4 17. Bc4+ e6 18. Re1 Nf7 19. Bb3 Ne5 20. Qe2 d5 21.
Kb1 Qb7 22. Ra5 Nc4 23. Rc5 Nd6 24. Rd1 Kh8 25. Ka1 Bd7 26. Ra5 Qb4 27. Ra7 Bxc3
28. Rxd7 Nc4 29. Rb1 Nxb2 30. Qxe6 Nc4+ 31. Rb2 Bxb2+ 32. Kb1 Qc3 33. Bxc4 Rb8
34. Rb7 Rxb7 35. Qc8+ Kg7 36. Qxb7+ Kh6 37. Qxb2 Qxc4 38. Qf6 Qf1+ 39. Kb2 Qxg2
40. Qh4+ Kg7 41. Qe7+ Kh6 42. Qh4+ Kg7 1/2-1/2

[Event "41st Olympiad Women 2014"]
[Site "Tromso NOR"]
[Date "2014.08.06"]
[Round "5.39"]
[Board "4"]
[White "James, Ann-Marie"]
[Black "Toubal, Hayat"]
[Result "0-1"]
[WhiteTitle "WFM"]
[BlackTitle "WIM"]
[WhiteElo "2095"]
[BlackElo "1938"]
[WhiteTeam "England"]
[BlackTeam "Algeria"]
[WhiteFideId "403644"]
[BlackFideId "7901631"]
[EventDate "2014.08.02"]

1. e4 c6 2. d4 d5 3. exd5 cxd5 4. c4 Nf6 5. Nc3 Nc6 6. cxd5 Nxd5 7. Bb5 Qd6 8.
Nf3 Bg4 9. h3 Bd7 10. O-O e6 11. Re1 Be7 12. a3 O-O 13. Bd3 a6 14. Ne4 Qc7 15.
Bg5 Bxg5 16. Nfxg5 h6 17. Nf3 Rfd8 18. Rc1 Be8 19. Bb1 Qb6 20. Re2 Na5 21. Nc5
Bb5 22. Re1 Be8 23. Qd3 Nf6 24. Ba2 Nd5 25. b4 Nc6 26. Qe4 Nce7 27. Ne5 Rab8 28.
Nc4 Qc7 29. Ne3 Qd6 30. Rcd1 Nc3 31. Qc2 Nxd1 32. Rxd1 Bc6 33. Bb1 Ng6 34. Ba2
Ne7 35. Bb1 g6 36. Ng4 h5 37. Ne5 Bd5 38. Qd2 Kg7 39. Re1 Nc6 40. Qg5 Qe7 41.
Qg3 Qe8 42. Ncd3 Qh8 43. Nf4 Qh6 44. Nexg6 fxg6 45. Bxg6 Kh8 46. Nxe6 Rg8 47.
Nf4 Rbf8 48. Nxd5 Qxg6 49. Qh2 Qf5 0-1